Podniková kultúra a jej vzťah k strategickému riadeniu ľudských zdrojov v novodobom trende celoživotného vzdelávania
Strategický manažment v zmysle jeho kľúčových definícií. Personálna stratégia a strategické riadenie ľudských zdrojov. Globalizácia a jej prejavy vo vzťahu podnikovej kultúry a personálnej stratégie. Perspektívy integrácie rozvoja ľudského kapitálu do stratégie firmy. Fenomén ďalšieho vzdelávania a...
Na minha lista:
| Autor principal: | |
|---|---|
| Formato: | Capítulo de Livro |
| Idioma: | eslovaco |
| Assuntos: | |
| Tags: |
Sem tags, seja o primeiro a adicionar uma tag!
|
MARC
| LEADER | 00000naa$a2200000$$$4500 | ||
|---|---|---|---|
| 001 | 0090044 | ||
| 005 | 20231011093929.5 | ||
| 041 | 0 | |a slo | |
| 044 | |a SK | ||
| 245 | 1 | 0 | |a Podniková kultúra a jej vzťah k strategickému riadeniu ľudských zdrojov v novodobom trende celoživotného vzdelávania |c Ivana Šindleryová Butoracová |
| 520 | |a Strategický manažment v zmysle jeho kľúčových definícií. Personálna stratégia a strategické riadenie ľudských zdrojov. Globalizácia a jej prejavy vo vzťahu podnikovej kultúry a personálnej stratégie. Perspektívy integrácie rozvoja ľudského kapitálu do stratégie firmy. Fenomén ďalšieho vzdelávania ako prvok osobnostného rozvoja pracovníka v rámci strategického riadenia ľudských zdrojov organizácie. | ||
| 610 | 2 | 0 | |a vzdelávanie celoživotné |
| 610 | 2 | 0 | |a kultúra podniková |
| 610 | 2 | 0 | |a riadenie ľudských zdrojov |
| 610 | 2 | 0 | |a riadenie strategické |
| 610 | 2 | 0 | |a personalistika |
| 610 | 2 | 0 | |a manažment personálny |
| 100 | 1 | |a Šindleryová Butoracová, Ivana | |